| 000 | 00722nam a2200217Ia 4500 | ||
|---|---|---|---|
| 003 | GCL | ||
| 008 | 140319s9999 xx 000 0 ara d | ||
| 020 | _a4266201977 | ||
| 040 |
_aGCL / _cGCL |
||
| 082 | 0 | 4 |
_a822.008 _bش ى |
| 100 | 1 | _aمحمد عنانى | |
| 245 | 1 | 0 |
_aيوليوس قيصر / _cمحمد عنانى |
| 700 | 1 | _aشكسبير، ويليام | |
| 260 |
_aالقاهرة : _bالهيئة المصرية العامة للكتاب ، _c1991 |
||
| 300 |
_a196 ؛ _c24 سم |
||
| 490 | _a | ||
| 650 | 0 | 4 | _aالادب الانجليزى المترجم |
| 650 | 0 | 4 | _aالمسرحيات الانجليزية المترجمة |
| 650 | 0 | 4 | _aالمسرح الانجليزى المترجم |
| 942 |
_2ddc _cBK |
||
| 999 |
_c27742 _d27742 |
||